Five Westernmost Countries by Continent - Statistics

General Stats
  • This quiz has been taken 1,286 times
    1,235 since last reset
  • The average score is 24 of 30
Answer Stats
Answer % Correct
Portugal
95%
Canada
94%
Iceland
94%
Ireland
94%
Spain
94%
United States
94%
Chile
93%
Mexico
93%
Peru
92%
Colombia
91%
Turkey
91%
Ecuador
90%
Senegal
87%
Gambia
84%
Guatemala
84%
Palestine
84%
Cabo Verde
83%
El Salvador
82%
Mauritania
81%
Russia
81%
Cyprus
78%
Brazil
77%
Guinea-Bissau
71%
Fiji
69%
Kiribati
69%
Norway
69%
Samoa
69%
Tonga
68%
New Zealand
55%
Egypt (!)
17%
No matching quizzes found
Score Distribution
Percent of People with Each Score
Percentile by Number Answered
Your Score History
You have not taken this quiz since the last reset